| 000 | 01421nam0a22003371 4500 | ||
|---|---|---|---|
| 001 | v19\rc\1973071 | ||
| 005 | 20251118181228.3 | ||
| 035 | _a(NLR Aleph) 005069367 | ||
| 090 |
_a7079076 _c7079076 |
||
| 100 | _a20080623d1914 |||y0rusy50 ca | ||
| 101 | 0 | _arus | |
| 102 | _aRU | ||
| 105 | _ay z ||||| | ||
| 200 | 1 |
_aК вопросу о физическом воспитании учащихся в начальных училищах _f[Б. Гудим-Левкович, А. Кальнинг, Л. Комаров и [др.]] _gСост. шк. врачи Киев. гор. уч-щ |
|
| 210 |
_aКиев _cКиев. гор. училищ. комис. _d1914 |
||
| 215 |
_a22 с. _d22 |
||
| 300 | _aАвт. указаны в конце текста | ||
| 309 | _aБез тит. л. | ||
| 702 | 1 |
_6z01790 _aГудим-Левкович _bБ. Ф. _f1880- _gБорис Филиппович _4220 |
|
| 702 | 1 |
_6z02790 _aКаллинг _bА. К. _f1868- _gАлександр Карлович _4220 |
|
| 702 | 1 |
_aКомаров _bЛ. Л. _f1873- _gЛеонид Лаврович _4220 |
|
| 790 | 1 |
_6z01702 _aЛевкович _bБ. Ф. _f1880- _gБорис Филиппович |
|
| 790 | 1 |
_6z02702 _aКальнинг _bА. _f1868- |
|
| 801 | 0 |
_aRU _bNLR _gpsbo |
|
| 801 | 0 |
_aRU _bRuMoRGB _2psbo |
|
| 801 | 1 |
_aRU _bProSoft-M _2rusmarc |
|
| 852 |
_aNLR _j37.55.9.265 |
||
| 899 |
_aRuMoRGB _jV 60/454 |
||
| 899 | _aБАН | ||
| 942 | _cBOOK | ||
| 980 | _aNB | ||